000 01324nam a2200313 i 4500
003 EG-GICUC
005 20260121101637.0
008 260102s1995 ua ||||fr|||| 000 0 ara d
040 _a EG-GICUC
_bara
_c EG-GICUC
_d EG-GICUC
_erda
041 0 _aara
082 0 4 _221
_a345.5
_bإ ب . و
092 0 4 _221
099 _aLaw1 07 345.5 إ ب . و 1995
100 0 _aإبراهيم عبدالعزيز شيحا
_eمؤلف.
245 1 2 _aالوسيط في اموال الدولة العامة والخاصة.
_nالجزء الاول،
_pالاموال العامة /
_c إبراهيم عبدالعزيز شيحا.
264 1 _aالاسكندرية :
_bدار المطبوعات الجامعية،
_c1995.
300 _a629 صفحة ؛
_c24 سم.
_bإيضاحيات، صور، مثيليات ؛
336 _2rda content
_atext
337 _2rda media
_aComputer
338 _2rda carrier
_aOnline Resource
504 _a. 240-220 ببليوجرافيا: صفحات.
546 _aالنص أغلبه باللغة العربية بعض النصوص الإنجليزية والفرنسية
650 1 4 _aالأموال عامة
_2qrmak
650 1 4 _aالقانون الاداري
_2qrmak
651 1 _2qrmak
856 4 0 _uhttps://fll.law.cu.edu.eg/fulltext/bks/B07-01690.pdf
905 _a79
942 _2ddc
_cBK
_e21
_n0
999 _c53972
_d53972